Metal Subgenres - Statistics

General Stats
  • This quiz has been taken 280 times
  • The average score is 12 of 15
Answer Stats
Hint Answer % Correct
Black Sabbath Heavy Metal
97%
Limp Bizkit Nu Metal
97%
Cannibal Corpse Death Metal
96%
Darkthrone Black Metal
93%
Megadeth Thrash Metal
91%
Dragonforce Power Metal
85%
Motley Crue Glam Metal
79%
Candlemass Doom Metal
77%
Bullet for My Valentine Metalcore
77%
Dream Theater Progressive Metal
74%
Napalm Death Grindcore
69%
Motorhead Speed Metal
65%
Carnifex Deathcore
57%
Meshuggah Djent
55%
Finntroll Folk Metal
54%
No matching quizzes found
Score Distribution
Percent of People with Each Score
Percentile by Number Answered
Your Score History
You have not taken this quiz